<?xml version="1.0" encoding="UTF-8"?>
<collection xmlns:xsi="http://www.w3.org/2001/XMLSchema-instance" xsi:schemaLocation="http://www.loc.gov/MARC21/slim http://www.loc.gov/standards/marcxml/schema/MARC21slim.xsd" xmlns="http://www.loc.gov/MARC21/slim">
 <record>
  <leader>00000cmm a22000005a 4500</leader>
  <controlfield tag="001">UP-99796217611000818</controlfield>
  <controlfield tag="003">Buklod</controlfield>
  <controlfield tag="005">20131127142724.0</controlfield>
  <controlfield tag="006">m    go  j        </controlfield>
  <controlfield tag="007">cr |n |||auu|a</controlfield>
  <controlfield tag="008">110303s2011    nyu        u        eng d</controlfield>
  <datafield tag="020" ind1=" " ind2=" ">
   <subfield code="a">9783642178078 (eBook)</subfield>
  </datafield>
  <datafield tag="020" ind1=" " ind2=" ">
   <subfield code="a">3642178073 (eBook)</subfield>
  </datafield>
  <datafield tag="035" ind1=" " ind2=" ">
   <subfield code="a">(iLib)UPD-00206905872</subfield>
  </datafield>
  <datafield tag="040" ind1=" " ind2=" ">
   <subfield code="a">DLC</subfield>
   <subfield code="d">DML</subfield>
  </datafield>
  <datafield tag="041" ind1=" " ind2=" ">
   <subfield code="a">eng</subfield>
  </datafield>
  <datafield tag="090" ind1=" " ind2=" ">
   <subfield code="a">HB 72 S63 2011eb</subfield>
  </datafield>
  <datafield tag="245" ind1="0" ind2="0">
   <subfield code="a">Social ethics and normative economics</subfield>
   <subfield code="b">essays in honour of Serge-Christophe Kolm</subfield>
   <subfield code="c">Marc Fleurbaey, Maurice Salles, John A. Weymark, Editors.</subfield>
  </datafield>
  <datafield tag="264" ind1=" " ind2="1">
   <subfield code="a">Berlin ; Heidelberg ;New York</subfield>
   <subfield code="b">Springer</subfield>
   <subfield code="c">2011.</subfield>
  </datafield>
  <datafield tag="300" ind1=" " ind2=" ">
   <subfield code="a">1 online resource (x, 357 p.)</subfield>
  </datafield>
  <datafield tag="505" ind1="0" ind2=" ">
   <subfield code="a">Social Ethicsand Normative Economics; Preface; Contents; Contributors; An Introduction to Social Ethics and Normative Economics; Kolm as a Contributor to Public Utility Pricing, Second-Best Culture, and the Theory of Regulation; Public Utility Pricing and Capacity Choice with Stochastic Demand; Bidimensional Inequalities with an Ordinal Variable; Inequality of Life Chances and the Measurement of Social Immobility; Partnership, Solidarity, and Minimal Envy in Matching Problems; Borrowing-Proofness of the Lindahl Rule in Kolm Triangle Economies; When Kolm Meets Mirrlees: ELIE Kolm's Tax, Tax Credit, and the Flat TaxPositional Equity and Equal Sacrifice: Design Principles for an EU-Wide Income Tax?; Comparing Societies with Different Numbers of Individuals on the Basis of Their Average Advantage; On Kolm's Use of Epistemic Counterfactuals in Social Choice Theory; Optimal Redistribution in the Distributive Liberal Social Contract; Reciprocity and Norms; Scientific Publications of Serge-Christophe Kolm</subfield>
  </datafield>
  <datafield tag="506" ind1=" " ind2=" ">
   <subfield code="a">IP based subscription, on campus only.</subfield>
   <subfield code="c">Access via Electronic Resources of the UPD University Library Website.</subfield>
  </datafield>
  <datafield tag="520" ind1=" " ind2=" ">
   <subfield code="a">This collection of thirteen essays on social ethics and normative economics honouring Serge-Christophe Kolm's seminal contributions to this field addresses the following questions: How should the public sector price its production and services? What are the normative foundations of criteria for comparing distributions of riches and advantages? How should intergenerational social immobility and inequality in circumstances be measured? What is a fair way to form partnerships? How vulnerable to manipulation is the Lindahl rule for allocating public goods? What are the properties of Kolm's ELIE tax proposal? Would the addition of EU-level income taxes enhance equity? How should we compare different scenarios for future societies with different population sizes? How can domain conditions in social choice theory be justified using Kolm's epistemic counterfactuals? How can Kolm's distributive liberal contract be implemented? What are the implications of norms of reciprocity for the organization of society? The answers to these questions give major insight into the state-of-the-art of social ethics and normative economics and are thus an indispensable source for researchers in both of these fields.</subfield>
  </datafield>
  <datafield tag="533" ind1=" " ind2=" ">
   <subfield code="a">Electronic reproduction.</subfield>
   <subfield code="b">New York</subfield>
   <subfield code="c">SpringerLink</subfield>
   <subfield code="d">c2011.</subfield>
   <subfield code="n">Available via World Wide Web through SpringerLink.</subfield>
  </datafield>
  <datafield tag="650" ind1=" " ind2="0">
   <subfield code="a">Economics</subfield>
   <subfield code="x">Moral and ethical aspects.</subfield>
  </datafield>
  <datafield tag="650" ind1=" " ind2="0">
   <subfield code="a">Kolm, Serge-Christophe.</subfield>
  </datafield>
  <datafield tag="650" ind1=" " ind2="0">
   <subfield code="a">Electronic books.</subfield>
  </datafield>
  <datafield tag="700" ind1="1" ind2=" ">
   <subfield code="a">Fleurbaey, Marc.</subfield>
  </datafield>
  <datafield tag="700" ind1="1" ind2=" ">
   <subfield code="a">Salles, Maurice.</subfield>
  </datafield>
  <datafield tag="700" ind1="1" ind2=" ">
   <subfield code="a">Weymark, John A.</subfield>
  </datafield>
  <datafield tag="710" ind1="2" ind2=" ">
   <subfield code="a">SpringerLink.</subfield>
  </datafield>
  <datafield tag="856" ind1="4" ind2="0">
   <subfield code="y">Available for University of the Philippines Diliman via SpringerLink. Click here to access</subfield>
   <subfield code="u">http://link.springer.com/book/10.1007/978-3-642-17807-8</subfield>
  </datafield>
  <datafield tag="905" ind1=" " ind2=" ">
   <subfield code="a">FO</subfield>
  </datafield>
  <datafield tag="852" ind1="0" ind2=" ">
   <subfield code="a">UPD</subfield>
   <subfield code="b">DMLR</subfield>
   <subfield code="h">HB 72 S63 2011eb</subfield>
  </datafield>
  <datafield tag="942" ind1=" " ind2=" ">
   <subfield code="a">Electronic Resource</subfield>
  </datafield>
 </record>
</collection>
